PEDIATRIC NURSING (Record no. 12828)
[ view plain ]
| 000 -LEADER | |
|---|---|
| fixed length control field | 00189nam a2200085Ia 4500 |
| 008 - FIXED-LENGTH DATA ELEMENTS--GENERAL INFORMATION | |
| fixed length control field | 170617s9999 xx 000 0 und d |
| 100 ## - MAIN ENTRY--PERSONAL NAME | |
| Personal name | Panda-U.N |
| 245 #0 - TITLE STATEMENT | |
| Title | PEDIATRIC NURSING |
| 260 ## - PUBLICATION, DISTRIBUTION, ETC. | |
| Name of publisher, distributor, etc. | DELHI: AITBS |
| 260 ## - PUBLICATION, DISTRIBUTION, ETC. | |
| Date of publication, distribution, etc. | 2009 |
| Withdrawn status | Lost status | Source of classification or shelving scheme | Damaged status | Not for loan | Home library | Current library | Date acquired | Source of acquisition | Total Checkouts | Barcode | Date last seen | Date last checked out | Price effective from | Koha item type |
|---|---|---|---|---|---|---|---|---|---|---|---|---|---|---|
| IIMT University College of Nursing (073) | IIMT University College of Nursing (073) | 12/15/2016 | 3 | 3 | 03-B-1388 | 02/15/2022 | 02/15/2022 | 06/22/2017 | Text-Book- for 7 days | |||||
| IIMT University College of Nursing (073) | IIMT University College of Nursing (073) | 12/15/2016 | 3 | 2 | 03-B-1389 | 12/12/2017 | 12/07/2017 | 06/22/2017 | Text-Book- for 7 days | |||||
| IIMT University College of Nursing (073) | IIMT University College of Nursing (073) | 12/15/2016 | 3 | 3 | 03-B-1390 | 08/29/2019 | 08/27/2019 | 06/22/2017 | Text-Book- for 7 days | |||||
| IIMT University College of Nursing (073) | IIMT University College of Nursing (073) | 12/15/2016 | 3 | 2 | 03-B-1391 | 12/18/2017 | 12/07/2017 | 06/22/2017 | Text-Book- for 7 days |

